| 000 | 00776nam a22002295a 4500 | ||
|---|---|---|---|
| 008 | 150817t2014 ii a frb 001 0 eng d | ||
| 020 | _a9788120348455 | ||
| 040 |
_aEG-ScBUE _beng _cEG-ScBUE _dEG-ScBUE |
||
| 082 | 0 | 4 |
_a004.6 _bPAL _222 |
| 100 | 1 |
_aPal, Ajit. _938889 |
|
| 245 | 1 | 0 |
_aData communications and computer networks / _cAjit Pal. |
| 250 | _aEastern Economy ed. | ||
| 260 |
_aNew Delhi : _bPHI Learning Private Limited , _cc.2014. |
||
| 300 |
_axv, 396 p. : _bill. ; _c24 cm. |
||
| 500 | _aIndex : p. 387-396. | ||
| 504 | _aIncludes bibliographical references. | ||
| 650 | 7 |
_aComputer networks. _2BUEsh _91660 |
|
| 650 | 7 |
_aData transmission systems. _2BUEsh _98864 |
|
| 651 | _2BUEsh | ||
| 653 |
_bCOMSCI _cAugust2015 _cDecember2015 |
||
| 942 |
_2ddc _k004.6 PAL |
||
| 999 |
_c20552 _d20524 |
||